[Event "ISL-chT2 1819"]
[Site "Reykjavik"]
[Date "2019.03.01"]
[Round "5.1"]
[White "Magnusson, Patrekur Maron"]
[Black "Torfason, Jon"]
[Result "1-0"]
[WhiteElo "2059"]
[BlackElo "2223"]
[PlyCount "63"]
[EventDate "2018.11.09"]
[EventType "team-tourn"]
[EventRounds "7"]
[EventCountry "ISL"]
[SourceTitle "CBM 189 Extra"]
[Source "ChessBase"]
[SourceDate "2019.06.03"]
[SourceVersion "1"]
[SourceVersionDate "2019.06.03"]
[SourceQuality "1"]
[WhiteTeam "Hrokar alls Fagnadar"]
[BlackTeam "Vinaskakfelagid"]
[WhiteTeamCountry "ISL"]
[BlackTeamCountry "ISL"]

1. e4 c6 2. Qe2 d5 3. d3 g6 4. g3 Bg7 5. Bg2 Nf6 6. e5 Nfd7 7. Nf3 Qc7 8. d4 e6 9. h4 c5 10. Na3 a6 11. c3 Nc6 12. h5 b5 13. h6 Bf8 14. Nc2 Nb6 15. Bg5 Be7 16. 0-0 Bxg5 17. Nxg5 Bb7 18. Rfd1 Qe7 19. f4 cxd4 20. cxd4 0-0-0 21. Ne3 Kb8 22. Ng4 Nd7 23. a4 b4 24. a5 Rde8 25. Bf1 f6 26. exf6 Nxf6 27. Ne5 Nxe5 28. Qxe5+ Ka8 29. Bh3 Bc8 30. Rac1 Rhf8 31. Rc7 Qd8 32. Rdc1 1-0

[Event "ISL-chT2 1819"]
[Site "Reykjavik"]
[Date "2018.11.09"]
[Round "1.1"]
[White "Arnalds, Stefan"]
[Black "Magnusson, Patrekur Maron"]
[Result "1/2-1/2"]
[WhiteElo "1943"]
[BlackElo "2059"]
[PlyCount "72"]
[EventDate "2018.11.09"]
[EventType "team-tourn"]
[EventRounds "7"]
[EventCountry "ISL"]
[SourceTitle "CBM 187 Extra"]
[Source "ChessBase"]
[SourceDate "2018.11.04"]
[SourceVersion "1"]
[SourceVersionDate "2018.11.04"]
[SourceQuality "1"]
[WhiteTeam "Breidjablik Bolungavik II"]
[BlackTeam "Hrokar alls Fagnadar"]
[WhiteTeamCountry "ISL"]
[BlackTeamCountry "ISL"]

1. d4 f5 2. Qd3 g6 3. g4 fxg4 4. h3 g3 5. fxg3 d5 6. Nc3 Nc6 7. a3 a6 8. Nf3 Bf5 9. Qd1 Nf6 10. g4 Be4 11. Bf4 Bg7 12. e3 Qd7 13. Nxe4 Nxe4 14. Bd3 0-0 15. Qe2 Nxd4 16. Nxd4 Bxd4 17. c3 Nxc3 18. Qd2 Rxf4 19. bxc3 Bxe3 20. Qxe3 Rf6 21. 0-0-0 Qd6 22. h4 Qxa3+ 23. Kd2 Qb2+ 24. Bc2 Raf8 25. Rhe1 b6 26. h5 c5 27. hxg6 hxg6 28. Rb1 Qa2 29. Kd1 Qc4 30. Kc1 Qxg4 31. Qxe7 Qg5+ 32. Kb2 c4 33. Rh1 R8f7 34. Qe8+ Rf8 35. Qe7 R8f7 36. Qe8+ Rf8 1/2-1/2

[Event "ISL-chB"]
[Site "Mosfellsbaer"]
[Date "2010.03.31"]
[Round "1"]
[White "Magnusson, Patrekur Maron"]
[Black "Steingrimsson, Brynjar"]
[Result "1-0"]
[WhiteElo "1983"]
[BlackElo "1463"]
[PlyCount "53"]
[EventDate "2010.03.31"]
[EventType "swiss"]
[EventRounds "9"]
[EventCountry "ISL"]
[SourceTitle "EXT 2014"]
[Source "ChessBase"]
[SourceDate "2013.11.20"]
[SourceVersion "1"]
[SourceVersionDate "2013.11.20"]
[SourceQuality "1"]

1. d4 e6 2. Nf3 Nf6 3. Bg5 Be7 4. Nc3 d5 5. Qd2 Nbd7 6. 0-0-0 Bb4 7. Bh4 0-0 8. a3 Bxc3 9. Qxc3 Ne4 10. Qe1 Ndf6 11. Ne5 c6 12. f3 Nd6 13. g4 Nc4 14. Nxc4 dxc4 15. e4 Qc7 16. Bg3 Qe7 17. Bxc4 Nd7 18. Bh4 Qd6 19. e5 Qc7 20. Qe4 c5 21. Bd3 g6 22. Bb5 cxd4 23. Bxd7 Bxd7 24. Bf6 Rfc8 25. Rd2 g5 26. h4 Ba4 27. Qxh7+ 1-0

[Event "Reykjavik op"]
[Site "Reykjavik"]
[Date "2009.03.30"]
[Round "7"]
[White "Jonsson, Olafur Gisli"]
[Black "Magnusson, Patrekur Maron"]
[Result "1-0"]
[WhiteElo "1913"]
[BlackElo "1902"]
[PlyCount "45"]
[EventDate "2009.03.24"]
[EventType "swiss"]
[EventRounds "9"]
[EventCountry "ISL"]
[SourceTitle "CBM 129 Extra"]
[Source "ChessBase"]
[SourceDate "2009.05.05"]
[SourceVersion "2"]
[SourceVersionDate "2009.05.20"]
[SourceQuality "1"]

1. e4 c5 2. Nf3 e6 3. d4 cxd4 4. Nxd4 Bc5 5. Nb3 Bb6 6. Nc3 Ne7 7. Be2 0-0 8. 0-0 Nbc6 9. Bf4 f5 10. Bd6 Bc7 11. Nb5 Bxd6 12. Nxd6 fxe4 13. Nc5 Nd5 14. Ncxe4 Nf6 15. Bd3 a5 16. Qe2 Qb6 17. c3 Ne7 18. Rad1 Qc7 19. Bc2 b6 20. Nxf6+ Rxf6 21. Qe4 Rb8 22. Qxh7+ Kf8 23. Qh8+ 1-0

[Event "Reykjavik op"]
[Site "Reykjavik"]
[Date "2009.03.29"]
[Round "6"]
[White "Magnusson, Patrekur Maron"]
[Black "Andersson, Christin"]
[Result "0-1"]
[WhiteElo "1902"]
[BlackElo "2132"]
[PlyCount "114"]
[EventDate "2009.03.24"]
[EventType "swiss"]
[EventRounds "9"]
[EventCountry "ISL"]
[SourceTitle "CBM 129 Extra"]
[Source "ChessBase"]
[SourceDate "2009.05.05"]
[SourceVersion "2"]
[SourceVersionDate "2009.05.20"]
[SourceQuality "1"]

1. d4 d6 2. Nf3 Nf6 3. Bg5 Ne4 4. Bf4 d5 5. e3 Nd7 6. Bd3 Ndf6 7. 0-0 Bg4 8. c4 e6 9. Qa4+ c6 10. cxd5 exd5 11. Ne5 Be6 12. f3 Nd6 13. Bg3 Be7 14. Nc3 0-0 15. Qc2 g6 16. Rad1 Nh5 17. Bf2 f6 18. Ng4 Ng7 19. Nh6+ Kh8 20. e4 dxe4 21. fxe4 f5 22. exf5 gxf5 23. Bg3 Nc4 24. Qe2 Qxd4+ 25. Bf2 Qf4 26. g3 Qxh6 27. Bxc4 Bxc4 28. Qxc4 f4 29. Ne2 fxg3 30. Nxg3 Bg5 31. Qc3 Rxf2 32. Rxf2 Be3 33. Rdf1 Rf8 34. Kg2 Bxf2 35. Rxf2 Rxf2+ 36. Kxf2 Qxh2+ 37. Kf3 Qh3 38. Qc5 Qc8 39. Qxa7 Ne6 40. Qe3 Qf8+ 41. Kg2 Qf6 42. Qa3 Qd8 43. Qe3 Qd5+ 44. Kh2 b5 45. a3 Kg8 46. Qe2 Ng7 47. Kg1 h5 48. Ne4 Qf5 49. a4 bxa4 50. Qc4+ Qe6 51. Qxa4 Nf5 52. Qa8+ Kg7 53. Qb7+ Kg6 54. Qb4 Qd5 55. Nc3 Qf3 56. Qc4 Qg3+ 57. Kh1 Qe1+ 0-1

[Event "Reykjavik op"]
[Site "Reykjavik"]
[Date "2009.03.26"]
[Round "3"]
[White "Bjarnason, Saevar"]
[Black "Magnusson, Patrekur Maron"]
[Result "1/2-1/2"]
[WhiteElo "2211"]
[BlackElo "1902"]
[PlyCount "45"]
[EventDate "2009.03.24"]
[EventType "swiss"]
[EventRounds "9"]
[EventCountry "ISL"]
[SourceTitle "CBM 129 Extra"]
[Source "ChessBase"]
[SourceDate "2009.05.05"]
[SourceVersion "2"]
[SourceVersionDate "2009.05.20"]
[SourceQuality "1"]

1. Nf3 d5 2. g3 Nf6 3. Bg2 c6 4. 0-0 Bf5 5. d3 e6 6. Nbd2 Bd6 7. Re1 Nbd7 8. e4 Bg4 9. h3 Bxf3 10. Nxf3 Qc7 11. Qe2 dxe4 12. dxe4 e5 13. Be3 0-0 14. Rad1 Bc5 15. Bc1 Rfd8 16. c3 a5 17. Nh4 b5 18. Nf5 g6 19. Ne3 Nf8 20. a4 b4 21. Nc4 Ne6 22. Kh2 Be7 23. Rxd8+ 1/2-1/2

[Event "Reykjavik op"]
[Site "Reykjavik"]
[Date "2009.03.25"]
[Round "2"]
[White "Popovic, Milos T"]
[Black "Magnusson, Patrekur Maron"]
[Result "1-0"]
[WhiteElo "2400"]
[BlackElo "1902"]
[PlyCount "57"]
[EventDate "2009.03.24"]
[EventType "swiss"]
[EventRounds "9"]
[EventCountry "ISL"]
[SourceTitle "CBM 129 Extra"]
[Source "ChessBase"]
[SourceDate "2009.05.05"]
[SourceVersion "2"]
[SourceVersionDate "2009.05.20"]
[SourceQuality "1"]

1. d4 d5 2. Bf4 Nf6 3. e3 c5 4. c3 Nc6 5. Nd2 cxd4 6. exd4 e6 7. Ngf3 Bd6 8. Bg3 Qc7 9. Bd3 0-0 10. Qe2 Re8 11. Bxd6 Qxd6 12. Ne5 a6 13. 0-0 Qe7 14. f4 Nd7 15. Rae1 Nf8 16. Qh5 f6 17. Ng4 Qf7 18. Qh4 f5 19. Ne5 Nxe5 20. fxe5 Bd7 21. g4 Qg6 22. Rf4 h6 23. Qg3 Bb5 24. Bc2 Bd7 25. Ref1 Qg5 26. Nf3 Qe7 27. gxf5 exf5 28. Nh4 Kh8 29. Nxf5 1-0

[Event "Reykjavik op"]
[Site "Reykjavik"]
[Date "2009.03.24"]
[Round "1"]
[White "Magnusson, Patrekur Maron"]
[Black "Gislason, Gudmundur"]
[Result "1/2-1/2"]
[WhiteElo "1902"]
[BlackElo "2351"]
[PlyCount "107"]
[EventDate "2009.03.24"]
[EventType "swiss"]
[EventRounds "9"]
[EventCountry "ISL"]
[SourceTitle "CBM 129 Extra"]
[Source "ChessBase"]
[SourceDate "2009.05.05"]
[SourceVersion "2"]
[SourceVersionDate "2009.05.20"]
[SourceQuality "1"]

1. e4 c5 2. Nf3 d6 3. d4 cxd4 4. Nxd4 Nf6 5. Nc3 a6 6. Bg5 Nbd7 7. f4 h6 8. Bxf6 Nxf6 9. h3 e5 10. fxe5 dxe5 11. Nf3 Qb6 12. Qd2 Bb4 13. Bd3 Be6 14. a3 Bd6 15. 0-0-0 Rc8 16. g4 Rc6 17. g5 Nh5 18. Nd5 Bxd5 19. exd5 Rc7 20. Rhe1 Re7 21. Qc3 hxg5 22. Nxe5 0-0 23. Nc4 Qd8 24. Nxd6 Rxe1 25. Rxe1 Qxd6 26. Qe5 Qh6 27. Kb1 Nf4 28. Bc4 b5 29. Bb3 Rd8 30. Qc7 Qf6 31. d6 Rxd6 32. Re8+ Kh7 33. Bxf7 Nd5 34. Bg8+ Kh6 35. Qxd6 Qxd6 36. Re6+ Qxe6 37. Bxe6 Nf4 38. Bc8 a5 39. Bd7 b4 40. axb4 axb4 41. Bg4 Nd5 42. Ka2 Ne3 43. Kb3 Kg6 44. Kxb4 Nxc2+ 45. Kc3 Ne3 46. Kd4 Nc2+ 47. Kc5 Kf6 48. Bd1 Ne3 49. Ba4 g4 50. hxg4 Nxg4 51. b4 Ne5 52. b5 Ke7 53. b6 Nd7+ 54. Bxd7 1/2-1/2

[Event "Reykjavik Meistaramot Hellis op"]
[Site "Reykjavik"]
[Date "2009.02.06"]
[Round "3"]
[White "Bjarnason, Saevar"]
[Black "Magnusson, Patrekur Maron"]
[Result "1/2-1/2"]
[WhiteElo "2211"]
[BlackElo "1902"]
[PlyCount "50"]
[EventDate "2009.02.02"]
[EventType "swiss"]
[EventRounds "7"]
[EventCountry "ISL"]
[SourceTitle "EXT 2010"]
[Source "ChessBase"]
[SourceDate "2010.11.25"]
[SourceVersion "1"]
[SourceVersionDate "2010.11.25"]
[SourceQuality "1"]

1. d4 d5 2. c4 c6 3. Nf3 Nf6 4. Nc3 dxc4 5. e4 b5 6. e5 Nd5 7. a4 Nxc3 8. bxc3 e6 9. Ng5 Be7 10. Qh5 Bxg5 11. Bxg5 Qa5 12. Bd2 Bb7 13. Be2 Nd7 14. 0-0 Qc7 15. Bc1 Nb6 16. axb5 cxb5 17. Ba3 Nd5 18. Rfc1 Nf4 19. Qg4 Nxe2+ 20. Qxe2 Qc6 21. f3 a6 22. Ra2 0-0-0 23. Bc5 Rdg8 24. Rca1 h5 25. Be7 Qd7 1/2-1/2

[Event "Reykjavik-ch"]
[Site "Reykjavik"]
[Date "2009.01.28"]
[Round "8"]
[White "Magnusson, Patrekur Maron"]
[Black "Kristinsson, Bjarni Jens"]
[Result "1-0"]
[WhiteElo "1902"]
[BlackElo "1959"]
[PlyCount "87"]
[EventDate "2009.01.11"]
[EventType "swiss"]
[EventRounds "9"]
[EventCountry "ISL"]
[SourceTitle "EXT 2010"]
[Source "ChessBase"]
[SourceDate "2010.11.25"]
[SourceVersion "1"]
[SourceVersionDate "2010.11.25"]
[SourceQuality "1"]

1. d4 d5 2. c4 c6 3. Nf3 Nf6 4. Nc3 a6 5. c5 Bg4 6. Qb3 Ra7 7. Ne5 Be6 8. f3 Nbd7 9. Nxd7 Nxd7 10. Bf4 g6 11. 0-0-0 Bg7 12. Na4 0-0 13. g4 f6 14. g5 f5 15. Nb6 Bf7 16. Nxd7 Qxd7 17. Qb6 Raa8 18. Rd3 Rfe8 19. Qc7 Rad8 20. h4 e5 21. Qxd7 Rxd7 22. Bxe5 Bxe5 23. dxe5 d4 24. f4 Bc4 25. Ra3 Bd5 26. Rhh3 Kf7 27. h5 Ke6 28. b4 Bc4 29. Kd2 b6 30. Bg2 Bb5 31. hxg6 hxg6 32. Rh6 Rg8 33. cxb6 Rb7 34. e3 dxe3+ 35. Kxe3 Rxb6 36. Rc3 Rbb8 37. Rh1 Rbc8 38. Rhc1 Rh8 39. Rd1 Rh2 40. Rd6+ Kf7 41. Rc2 Kg7 42. e6 Re8 43. Rcd2 Bf1 44. Bxf1 1-0

[Event "Reykjavik-ch"]
[Site "Reykjavik"]
[Date "2009.01.23"]
[Round "6"]
[White "Magnusson, Patrekur Maron"]
[Black "Valtysson, Thor"]
[Result "1/2-1/2"]
[WhiteElo "1902"]
[BlackElo "2099"]
[PlyCount "84"]
[EventDate "2009.01.11"]
[EventType "swiss"]
[EventRounds "9"]
[EventCountry "ISL"]
[SourceTitle "EXT 2010"]
[Source "ChessBase"]
[SourceDate "2010.11.25"]
[SourceVersion "1"]
[SourceVersionDate "2010.11.25"]
[SourceQuality "1"]

1. d4 d5 2. c4 c6 3. Nf3 Nf6 4. Nc3 g6 5. e3 Bg7 6. b3 0-0 7. Be2 Qa5 8. Bd2 dxc4 9. bxc4 Qc7 10. 0-0 Bf5 11. Qb3 Nbd7 12. Rfd1 Rad8 13. a4 e5 14. Be1 exd4 15. Nxd4 Ng4 16. Bxg4 Bxg4 17. f3 Bxd4 18. exd4 Bf5 19. a5 b6 20. Bg3 Qb7 21. Ne4 Bxe4 22. fxe4 c5 23. d5 Rfe8 24. a6 Qc8 25. Re1 f6 26. Qf3 Kg7 27. Rf1 Kg8 28. h4 Rf8 29. Bd6 Ne5 30. Bxe5 fxe5 31. Qg3 Qc7 32. Qg5 Qd6 33. h5 Kg7 34. h6+ Kg8 35. g4 Rb8 36. Kg2 Rxf1 37. Rxf1 b5 38. Rf6 Qd7 39. Qxe5 Qxg4+ 40. Kf1 Qd1+ 41. Kg2 Qg4+ 42. Kf2 Qh4+ 1/2-1/2

[Event "Reykjavik-ch"]
[Site "Reykjavik"]
[Date "2009.01.18"]
[Round "4"]
[White "Ptacnikova, Lenka"]
[Black "Magnusson, Patrekur Maron"]
[Result "1-0"]
[WhiteElo "2249"]
[BlackElo "1902"]
[PlyCount "75"]
[EventDate "2009.01.11"]
[EventType "swiss"]
[EventRounds "9"]
[EventCountry "ISL"]
[SourceTitle "EXT 2010"]
[Source "ChessBase"]
[SourceDate "2010.11.25"]
[SourceVersion "1"]
[SourceVersionDate "2010.11.25"]
[SourceQuality "1"]

1. c4 c6 2. e4 d5 3. exd5 cxd5 4. d4 Nf6 5. Nc3 e6 6. Nf3 Nc6 7. c5 Be7 8. Bd3 0-0 9. 0-0 Nd7 10. Rb1 a5 11. a3 b6 12. b4 Bf6 13. Bc2 axb4 14. axb4 bxc5 15. dxc5 g6 16. Na4 Nce5 17. Nxe5 Nxe5 18. Nb6 Rb8 19. Bf4 Rxb6 20. cxb6 Qxb6 21. Be3 Qb8 22. Bd3 Rd8 23. Bf4 Qb6 24. Be2 d4 25. Re1 Rd5 26. Bf3 Nxf3+ 27. Qxf3 Bb7 28. Bc7 Qxc7 29. Qxf6 Rh5 30. h3 Qd6 31. Rbd1 Bxg2 32. Kxg2 Qd5+ 33. f3 Rf5 34. Qxd4 Qxf3+ 35. Kh2 Rh5 36. h4 g5 37. Rf1 Qa8 38. Qd8+ 1-0

[Event "Reykjavik TR-chC"]
[Site "Reykjavik"]
[Date "2008.11.02"]
[Round "4"]
[White "Magnusson, Patrekur Maron"]
[Black "Oskarsson, Aron Ingi"]
[Result "1/2-1/2"]
[WhiteElo "1886"]
[BlackElo "1876"]
[PlyCount "146"]
[EventDate "2008.10.26"]
[EventType "tourn"]
[EventRounds "9"]
[EventCountry "ISL"]
[SourceTitle "EXT 2010"]
[Source "ChessBase"]
[SourceDate "2010.11.25"]
[SourceVersion "1"]
[SourceVersionDate "2010.11.25"]
[SourceQuality "1"]

1. d4 d5 2. c4 c6 3. Nf3 Nf6 4. Nc3 dxc4 5. a4 Bf5 6. e3 e6 7. Bxc4 Bb4 8. 0-0 Nbd7 9. Qe2 Bg6 10. e4 Bxc3 11. bxc3 Nxe4 12. Ba3 Nb6 13. Bb3 Nxc3 14. Qe5 Ncd5 15. Qxg7 Qf6 16. Qh6 Bd3 17. Qxf6 Nxf6 18. Rfc1 Nbd7 19. Rc3 Be4 20. Nd2 Bd5 21. Bd6 Rc8 22. a5 Nb8 23. Bc5 b6 24. axb6 axb6 25. Bxb6 Nbd7 26. Bc5 Nxc5 27. Rxc5 Bxb3 28. Nxb3 Ne4 29. Rc2 0-0 30. f3 Nf6 31. Rac1 Rb8 32. Na5 Rb5 33. Nxc6 Kg7 34. Rc5 Rb2 35. R1c2 Rxc2 36. Rxc2 Nd5 37. Ne5 Ra8 38. Rd2 Ra4 39. Kf2 f6 40. Nd7 Kf7 41. g3 Rc4 42. Nc5 e5 43. Nb3 exd4 44. Nxd4 Ne7 45. h4 Rc3 46. g4 Nd5 47. Nf5 Rc5 48. h5 Ke6 49. Kg3 Ra5 50. Rb2 Ra7 51. Nd4+ Kf7 52. Rb5 Rd7 53. Nf5 Ke6 54. Rb8 Ra7 55. Re8+ Kf7 56. Rh8 Ke6 57. h6 Ne7 58. Re8 Kf7 59. Rxe7+ Rxe7 60. Nxe7 Kxe7 61. Kf4 Ke6 62. Ke4 Kf7 63. Kd5 Kg6 64. Ke6 Kxh6 65. f4 Kg6 66. f5+ Kg5 67. Kf7 Kxg4 68. Kxf6 h5 69. Ke5 h4 70. f6 h3 71. f7 h2 72. f8Q h1Q 73. Qg7+ Kh3 1/2-1/2

[Event "EU-ch U16 18th"]
[Site "Herceg Novi"]
[Date "2008.09.15"]
[Round "1"]
[White "Klekowski, Maciej"]
[Black "Magnusson, Patrekur Maron"]
[Result "1-0"]
[WhiteElo "2197"]
[BlackElo "1872"]
[PlyCount "35"]
[EventDate "2008.09.15"]
[EventType "swiss"]
[EventRounds "9"]
[EventCountry "MNE"]
[SourceTitle "CBM 126 Extra"]
[Source "ChessBase"]
[SourceDate "2008.11.05"]
[SourceVersion "1"]
[SourceVersionDate "2008.11.05"]
[SourceQuality "1"]

1. c4 e5 2. Nc3 Nf6 3. d3 d5 4. cxd5 Nxd5 5. Nf3 Nc6 6. e4 Nb6 7. Be3 Bg4 8. Be2 Qd7 9. Rc1 0-0-0 10. Bxb6 axb6 11. 0-0 Kb8 12. Nb5 f6 13. Qa4 Bxf3 14. Bxf3 Bc5 15. b4 Bxb4 16. Rxc6 Qxc6 17. Qa7+ Kc8 18. Bg4+ 1-0

[Event "ISL-chB"]
[Site "Reykjavik"]
[Date "2008.09.03"]
[Round "8"]
[White "Bjornsson, Sigurbjorn"]
[Black "Magnusson, Patrekur Maron"]
[Result "1-0"]
[WhiteElo "2316"]
[BlackElo "1872"]
[PlyCount "37"]
[EventDate "2008.08.27"]
[EventType "swiss"]
[EventRounds "9"]
[EventCountry "ISL"]
[SourceTitle "EXT 2010"]
[Source "ChessBase"]
[SourceDate "2010.11.25"]
[SourceVersion "1"]
[SourceVersionDate "2010.11.25"]
[SourceQuality "1"]

1. e4 c5 2. Nf3 d6 3. d4 cxd4 4. Nxd4 Nf6 5. Nc3 a6 6. Be3 e5 7. Nf3 Be6 8. Ng5 Qd7 9. Nxe6 Qxe6 10. Qd2 Be7 11. f3 Nbd7 12. g4 Nc5 13. g5 Nfd7 14. Nd5 Rc8 15. 0-0-0 b5 16. h4 f5 17. exf5 Qxf5 18. Bxc5 Rxc5 19. Nxe7 1-0

[Event "Reykjavik op 23rd"]
[Site "Reykjavik"]
[Date "2008.03.05"]
[Round "3"]
[White "Arakhamia Grant, Ketevan"]
[Black "Magnusson, Patrekur Maron"]
[Result "1-0"]
[WhiteElo "2457"]
[BlackElo "1785"]
[PlyCount "95"]
[EventDate "2008.03.03"]
[EventType "swiss"]
[EventRounds "9"]
[EventCountry "ISL"]
[SourceTitle "CBM 123 Extra"]
[Source "ChessBase"]
[SourceDate "2008.05.06"]
[SourceVersion "1"]
[SourceVersionDate "2008.05.06"]
[SourceQuality "1"]

1. e4 c5 2. Nf3 d6 3. d4 cxd4 4. Nxd4 Nf6 5. Nc3 a6 6. f4 e6 7. Be2 Be7 8. 0-0 0-0 9. a4 Nc6 10. Be3 Qc7 11. Kh1 e5 12. Nb3 Be6 13. Nd5 Bxd5 14. exd5 exf4 15. Rxf4 Ne5 16. a5 Rac8 17. c4 Nfd7 18. Bd4 Bg5 19. Rf5 Bf6 20. Nd2 g6 21. Rf1 Bg7 22. b4 f5 23. Rc1 Rfe8 24. Nb3 Nf6 25. Bb6 Qe7 26. Nd4 Ne4 27. Ne6 Bh6 28. Rc2 Qh4 29. Qe1 Qxe1 30. Rxe1 Bd2 31. Rb1 Nc3 32. Rxc3 Bxc3 33. c5 dxc5 34. bxc5 Rxe6 35. dxe6 Re8 36. Bd1 Nc6 37. Bf3 Kg7 38. Bd5 Nb4 39. Bc4 Nc6 40. Bc7 Nxa5 41. Bxa5 Bxa5 42. Rxb7+ Kf6 43. Rxh7 Rc8 44. Rf7+ Ke5 45. e7 Re8 46. Bxa6 Ke6 47. Bc4+ Ke5 48. Bb5 1-0

[Event "Reykjavik op U20"]
[Site "Reykjavik"]
[Date "2008.02.03"]
[Round "5"]
[White "Magnusson, Patrekur Maron"]
[Black "Fridgeirsson, Dagur Andri"]
[Result "1-0"]
[WhiteElo "1785"]
[BlackElo "1798"]
[PlyCount "69"]
[EventDate "2008.02.01"]
[EventType "team-tourn"]
[EventRounds "6"]
[EventCountry "ISL"]
[SourceTitle "EXT 2010"]
[Source "ChessBase"]
[SourceDate "2010.11.25"]
[SourceVersion "1"]
[SourceVersionDate "2010.11.25"]
[SourceQuality "1"]

1. e4 c5 2. Nf3 d6 3. d4 cxd4 4. Nxd4 Nf6 5. Nc3 a6 6. Bg5 e6 7. f4 Be7 8. Qf3 Qc7 9. 0-0-0 Nbd7 10. Bd3 Rb8 11. Rhe1 h6 12. Bh4 b5 13. Qg3 b4 14. Nd5 Nxd5 15. exd5 Bxh4 16. Qxh4 Nc5 17. dxe6 0-0 18. e7 Re8 19. f5 b3 20. axb3 Nxb3+ 21. Nxb3 Rxb3 22. f6 Rxd3 23. Rxd3 Bf5 24. Rc3 Qa5 25. fxg7 Kxg7 26. Rg3+ Bg6 27. Qd4+ Kh7 28. Ree3 Qc7 29. Rxg6 fxg6 30. Qf6 Qc4 31. Re6 Qa4 32. Qxg6+ Kh8 33. Qxh6+ Kg8 34. Rg6+ Kf7 35. Qg7# 1-0

[Event "Reykjavik op U20"]
[Site "Reykjavik"]
[Date "2008.02.01"]
[Round "1"]
[White "Magnusson, Patrekur Maron"]
[Black "Hanninger, Simon"]
[Result "0-1"]
[WhiteElo "1785"]
[BlackElo "2080"]
[PlyCount "34"]
[EventDate "2008.02.01"]
[EventType "team-tourn"]
[EventRounds "6"]
[EventCountry "ISL"]
[SourceTitle "EXT 2010"]
[Source "ChessBase"]
[SourceDate "2010.11.25"]
[SourceVersion "1"]
[SourceVersionDate "2010.11.25"]
[SourceQuality "1"]

1. e4 c5 2. Nf3 Nc6 3. d4 cxd4 4. Nxd4 Nf6 5. Nc3 g6 6. Be3 Bg7 7. Be2 0-0 8. Qd2 d5 9. exd5 Nxd5 10. Nxd5 Qxd5 11. Bf3 Qe5 12. Nxc6 bxc6 13. c3 Ba6 14. 0-0-0 Qa5 15. Kb1 Bc4 16. b4 Rab8 17. Qb2 Bxc3 0-1

[Event "Reykjavik-ch"]
[Site "Reykjavik"]
[Date "2008.01.16"]
[Round "5"]
[White "Jonsson, Bjorn"]
[Black "Magnusson, Patrekur Maron"]
[Result "1/2-1/2"]
[WhiteElo "2032"]
[BlackElo "1785"]
[PlyCount "105"]
[EventDate "2008.01.06"]
[EventType "swiss"]
[EventRounds "9"]
[EventCountry "ISL"]
[SourceTitle "EXT 2009"]
[Source "ChessBase"]
[SourceDate "2008.11.26"]
[SourceVersion "1"]
[SourceVersionDate "2008.11.26"]
[SourceQuality "1"]

1. e4 c5 2. Nf3 d6 3. d4 cxd4 4. Nxd4 Nf6 5. Nc3 a6 6. Be3 e6 7. f3 Nbd7 8. g4 Qc7 9. g5 Nh5 10. f4 g6 11. Be2 Ng7 12. Qd2 b5 13. 0-0-0 Bb7 14. Bf3 Rc8 15. Rhe1 Nc5 16. a3 Nd7 17. Bf2 Nb6 18. Ncxb5 axb5 19. Nxb5 Qc4 20. Nxd6+ Bxd6 21. Bxb6 Bxf4 22. Be3 Bxe3 23. Rxe3 0-0 24. Kb1 Qc7 25. Rd3 Qe5 26. Re1 Ba6 27. Rd4 Ne8 28. h4 Nc7 29. a4 Qg3 30. Qe3 Qe5 31. b4 Ra8 32. c4 Bxc4 33. Rxc4 Rxa4 34. Qc3 Qxc3 35. Rxc3 Rxb4+ 36. Kc1 Nb5 37. Rc5 Nd4 38. Rc3 Rfb8 39. Ree3 Nxf3 40. Rxf3 Rxe4 41. Rc7 Rf8 42. Rh3 Rg4 43. Kd2 Kg7 44. Ke2 Rf4 45. h5 gxh5 46. Rxh5 Kg6 47. Rh6+ Kg7 48. Rc3 Rf5 49. Rh5 Rh8 50. Rch3 Kg8 51. Rh6 Rxg5 52. Ke3 Re5+ 53. Kf3 1/2-1/2